[Event "SVK-chT2 5th B02 corr"]
[Site "Slovakia"]
[Date "2002.03.01"]
[Round "1"]
[White "Hudec, Tomas"]
[Black "Lipcak, Zsolt"]
[Result "0-1"]
[WhiteElo "1600"]
[BlackElo "1600"]
[PlyCount "34"]
[EventDate "2002.??.??"]
[EventType "team (corr)"]
[EventRounds "10"]
[EventCountry "SVK"]
[SourceTitle "Corr 2004"]
[Source "ChessBase"]
[SourceDate "2003.04.28"]
[SourceVersion "3"]
[SourceVersionDate "2003.04.28"]
[SourceQuality "1"]

1. c4 Nf6 2. Nc3 g6 3. e4 d6 4. d4 Bg7 5. f3 0-0 6. Be3 e5 7. d5 Nh5 8. Qd2 f5 9. exf5 gxf5 10. 0-0-0 Nd7 11. Bd3 Ndf6 12. Nge2 Bd7 13. Bg5 Qe8 14. Rde1 Qf7 15. Ng3 Ne8 16. Nxh5 Qxh5 17. Bxf5 Rxf5 0-1

[Event "SVK-chT2 5th B02 corr"]
[Site "Slovakia"]
[Date "2002.03.01"]
[Round "1"]
[White "Lipcak, Zsolt"]
[Black "Vrana, Lubomir"]
[Result "1/2-1/2"]
[WhiteElo "1600"]
[BlackElo "2101"]
[PlyCount "95"]
[EventDate "2002.??.??"]
[EventType "team (corr)"]
[EventRounds "10"]
[EventCountry "SVK"]
[SourceTitle "Corr 2004"]
[Source "ChessBase"]
[SourceDate "2003.04.28"]
[SourceVersion "3"]
[SourceVersionDate "2003.04.28"]
[SourceQuality "1"]

1. e4 e5 2. Nf3 Nc6 3. Bb5 a6 4. Ba4 Nf6 5. 0-0 Be7 6. Re1 b5 7. Bb3 d6 8. c3 0-0 9. h3 Nb8 10. d4 Nbd7 11. Nbd2 Bb7 12. Bc2 Re8 13. Nf1 Bf8 14. Ng3 c5 15. d5 Nb6 16. b3 Qc7 17. Bg5 Be7 18. Qd2 Bc8 19. Red1 Rd8 20. Be3 Rb8 21. a3 Ne8 22. Qe2 Bd7 23. Rab1 Rdc8 24. c4 Qd8 25. Qd3 Rc7 26. Ne2 Rcb7 27. Nc3 Qc8 28. a4 bxa4 29. bxa4 Na8 30. Rxb7 Rxb7 31. Rb1 Bd8 32. Nd2 Rxb1+ 33. Ndxb1 Ba5 34. Nd1 Qd8 35. Nd2 Bb4 36. Nb2 h6 37. Bd1 Nb6 38. Kh2 Nc8 39. Bc2 Qh4 40. Nf3 Qh5 41. Bd2 f5 42. Bxb4 fxe4 43. Qxe4 Nf6 44. Qe1 cxb4 45. Qxb4 Bxh3 46. gxh3 Qxf3 47. Nd1 Qf4+ 48. Kg2 1/2-1/2

[Event "SVK-chT2 5th B02 corr"]
[Site "Slovakia"]
[Date "2002.03.01"]
[Round "1"]
[White "Roth, Peter1"]
[Black "Lipcak, Zsolt"]
[Result "1/2-1/2"]
[WhiteElo "1761"]
[BlackElo "1600"]
[PlyCount "45"]
[EventDate "2002.??.??"]
[EventType "team (corr)"]
[EventRounds "10"]
[EventCountry "SVK"]
[SourceTitle "Corr 2004"]
[Source "ChessBase"]
[SourceDate "2003.04.28"]
[SourceVersion "3"]
[SourceVersionDate "2003.04.28"]
[SourceQuality "1"]

1. f4 d5 2. Nf3 g6 3. e3 Bg7 4. c4 Nf6 5. Nc3 c6 6. d4 0-0 7. Bd3 Bf5 8. Bxf5 gxf5 9. Qb3 b6 10. cxd5 cxd5 11. Bd2 e6 12. 0-0 Nc6 13. Rac1 Na5 14. Qb5 Nc4 15. b3 a6 16. Qb4 Nd6 17. Rc2 b5 18. Rfc1 Rc8 19. Qa3 a5 20. Ne2 Rxc2 21. Rxc2 b4 22. Qa4 Nde4 23. a3 1/2-1/2